00328nam a22001217a 4500008004100000082001500041100000900056245007300065260002200138300001900160942001200179999001500191230703b xxu||||| |||| 00| 0 eng d a342bCKRC  cCKRC aReport of the Constitution of Kenya Review CommissionbEldoret North aKenyabCKRCc2003 avarious paging 2ddccBK c3401d3401